| 000 | 00623nam a2200205Ia 4500 | ||
|---|---|---|---|
| 001 | 15635 | ||
| 003 | GE_BSU | ||
| 008 | 181216s||||||||xx |||||||||||||| ||und|| | ||
| 040 | _cGE_BSU | ||
| 080 | _a821.353.1-1 | ||
| 100 | _aწერეთელი, ა. | ||
| 245 | _aლირიკა | ||
| 245 | _cშემდგ.რედ. ჯარჯი ფხოველი. მხ. დავით გაბაშვილი | ||
| 260 | _aთბილისი | ||
| 260 | _bმერანი | ||
| 260 | _c1990 | ||
| 300 | _a208გვ. ; 20სმ. 1 ფ. პორტრ. | ||
| 653 | _aლირიკა | ||
| 942 | _cBK | ||
| 999 |
_c48735 _d48735 |
||